| 000 | 00577nam a2200181 a 4500 | ||
|---|---|---|---|
| 001 | 000048425 | ||
| 005 | 20201002061137.0 | ||
| 008 | 190314s2019 dr 000 0 spa d | ||
| 020 | _a9789945614145 | ||
| 040 |
_aDO-SdBNP _bspa _cBNPHU |
||
| 082 |
_axxxx _bB453no |
||
| 100 | 1 |
_aBeltré López, Daniel, _d1957- _975840 |
|
| 245 | 1 | 0 |
_aNo es un soplo la vida / _cDaniel Beltré López. |
| 260 |
_aSanto Domingo : _bSantuario, _c2019. |
||
| 300 |
_a187 p. ; _c28 cm. |
||
| 500 | _aIncluye datos biográficos del autor en la solapa de la cubierta | ||
| 590 | _aInventariado, 2019/LP | ||
| 999 |
_c47913 _d47913 |
||